000 00492nam a2200169 i 4500
001 98319
003 ES-MaACL
005 20230906182247.0
007 t|
008 050728s1964 sp |||| |aspa d
100 1 _aMartí, Antonio.
_977178
245 1 3 _aLa llave abierta
_b: una vida en estampas (1909-1936) /
_cAntonio Martí.
260 _aTenerife :
_b[s.n.],
_c1964 (
_fImp. Católica)
300 _a246 p. ;
_c21 cm.
600 1 4 _aMartí, Antonio.
_977178
852 _aES-MaACL
_jC-24628
999 _c98319
_d98319